000 00839nam a2200253 i 4500
003 DO-SdBNP
005 20231127084156.0
006 a||||gr|||| 00| 0
007 ta
008 231127b dr a|||| |||| 00| 0 spa d
040 _aDO-SdBNP
_bspa
_cBNPHU
_erda
082 4 _222
_bN322p
100 1 _aNavarro Castellanos, Alfonso
_973773
_eautor
245 1 0 _aParroquia Comunidad Evangelizadora y el SINE:
_bsus áreas y etapas. /
_cAlfonso Navarro Castellanos, Lautico García.
264 _aSanto Domingo :
_bCERVREST,
_c[190?]
300 _a103 páginas :
_bIlustraciones ;
_c21 cm.
336 _2rdacontent
_atexto
_btxt
337 _2rda media
_asin mediación
_bn
338 _2rdacarrier
_avolumen
_bnc
490 _aCEVREST ;
_v2
590 _aInventariado 2023 / MF
700 1 _aGarcía, Lautico,
_923410
_eautor
942 _2ddc
_cLBS1
999 _c55582
_d55582